000 01288nam a2200337 c 4500
003 BLK
005 20250707091736.0
008 180408b bul|||||r ||||||| ||bul||
010 _aKNG00079975000
020 _a978-954-585-842-0
_bиздат.: Бард
040 _aBLK
041 _aBUL
_cBUL
080 _aАмериканска литература (на САЩ)
_b821.111(73)
_x-312.4
_z821.111(73)-312.4
100 1 _aКларк, Мери Хигинс
_eпърви автор
_9371250
700 1 _aЧизмарова, Елена Николова
_eпрев. от англ.
_9141741
139 _aКларк, Мери Хигинс
_bК 63
245 1 0 _aПесента от параклиса
_bРоман
_cМери Хигинс Кларк; прев. от англ. Елена Чизмарова.
257 _aUSA
260 София
_bБард
_c2007
300 _a368 с.
_c20 см
380 _aX
500 _aОриг. загл. I Heard that Song Before / Mary Higgins Clark.
653 _aкрими
653 _aромани
852 _aЦб 237436
856 4 _qpdf
_u
856 4 _qpdf
_u
942 _cKNG
_n0
_0131
944 _aCR
_c07.12.2007
_lВиолета Тройчева
_k30552
944 _aED
_c29.12.2016
_lф /
_kЛюдмила_Стоянова
999 _c75556
_d75556